| 000 | 00504nam a2200169 a 4500 | ||
|---|---|---|---|
| 001 | 000033704 | ||
| 005 | 20200930070445.0 | ||
| 008 | 110906s1869 000 spa d | ||
| 040 |
_aDO-SdBNP _bspa _cBNPHU |
||
| 082 |
_axxxx _bH484l |
||
| 100 | 1 |
_aHelps, Arthur, _d1813-1875 _959155 |
|
| 245 | 1 | 0 |
_aThe life of Columbus, the discoverer of America. / _cChiefly by Arthur Helps. |
| 250 | _a2a ed. | ||
| 260 |
_aLondon, Inglaterra : _bBell and Daldy, _c1869. |
||
| 300 |
_a262 p. ; _c19 cm. |
||
| 049 | _aBNPD | ||
| 999 |
_c33195 _d33195 |
||